[Event "Mistrzostwa Polski Juniorow do lat 16 - Chlopcy"]
[Site "Szklarska Poreba"]
[Date "1899-12-30"]
[Round "6.23"]
[White "Dziendziel, Mateusz"]
[Black "Kalkowski, Igor"]
[Result "1-0"]
[WhiteTitle "I"]
[BlackTitle "I+"]
[WhiteElo "1700"]
[BlackElo "1862"]

1. e4 c5 2. Nf3 e6 3. d4 cxd4 4. Nxd4 Nc6 5. Nc3 Qc7 6. Be3 Nf6 7. Be2 a6 8. O-O
Bb4 9. Na4 O-O 10. c4 Nxe4 11. Nxc6 bxc6 12. Qd4 f5 13. c5 Qb7 14. f3 Nf6 15.
Nb6 Nd5 16. Nxa8 Qxa8 17. a3 Ba5 18. Bc4 Nxe3 19. Qxe3 f4 20. Qd4 Qb8 21. Kh1
Bd8 22. Rab1 Qa7 23. Rfd1 Rf5 24. Bxe6+ dxe6 25. Qxd8+ Rf8 26. Qd6 1-0

[Event "Mistrzostwa Polski Juniorow do lat 16 - Chlopcy"]
[Site "Szklarska Poreba"]
[Date "1899-12-30"]
[Round "6.25"]
[White "Babiarz, Arkadiusz"]
[Black "Werner, Kacper"]
[Result "1-0"]
[WhiteTitle "I++"]
[BlackTitle "II"]
[WhiteElo "1831"]
[BlackElo "1591"]

1. e4 c5 2. c3 Nf6 3. e5 Nd5 4. Nf3 Nc6 5. Bc4 Nb6 6. Bb3 d5 7. exd6 Qxd6 8. O-O
Be6 9. Re1 Bd5 10. d4 c4 11. Bc2 g6 12. Nbd2 Bg7 13. Ne4 Qc7 14. Bg5 O-O 15. Qd2
Rfe8 16. Rad1 Nd7 17. b3 b5 18. Bf4 Qb6 19. Bh6 Bh8 20. Qg5 f5 21. Nh4 Bf6 22.
Nxf6+ exf6 23. Qg3 Kh8 24. Bxf5 Nf8 25. Bxf8 Rxf8 26. Bxg6 Rg8 27. Qf4 Qd8 28.
Be4 Bxe4 29. Rxe4 cxb3 30. axb3 Rf8 31. Ng6+ 1-0

[Event "Mistrzostwa Polski Juniorow do lat 16 - Chlopcy"]
[Site "Szklarska Poreba"]
[Date "1899-12-30"]
[Round "7.1"]
[White "Dzida, Kamil"]
[Black "Luberanski, Jakub"]
[Result "1-0"]
[WhiteTitle "k+"]
[BlackTitle "k"]
[WhiteElo "2254"]
[BlackElo "2151"]

1. e4 e5 2. Nf3 Nc6 3. d4 exd4 4. Nxd4 Nf6 5. Nxc6 bxc6 6. Qe2 Qe7 7. Nc3 Qe6 8.
Bd2 g6 9. O-O-O Bg7 10. f4 Rb8 11. e5 Nd5 12. Qc4 Nxc3 13. Qxe6+ fxe6 14. Bxc3
Bh6 15. g3 c5 16. Bc4 Bb7 17. Rhf1 Rf8 18. h4 Ke7 19. Rfe1 Bc6 20. Ba5 Rfc8 21.
Ba6 Bb7 22. Bb5 Bd5 23. a4 Bf8 24. b3 Ke8 25. c4 Bc6 26. Bxc6 dxc6 27. Re3 Rb7
28. h5 Rd8 29. hxg6 Rxd1+ 30. Kxd1 hxg6 31. Ke2 Be7 32. Rd3 Kf7 33. Kf3 a6 34.
Ke4 Rb8 35. Bxc7 Rh8 36. Bd6 Rh1 37. Bxe7 Kxe7 38. Rd6 Re1+ 39. Kf3 Rb1 40. Rxc6
Rxb3+ 41. Kg4 Rb4 42. Rxc5 Rxa4 43. Kg5 Ra3 44. g4 Rg3 45. Ra5 Rc3 46. c5 Rc4
47. Rxa6 Rxc5 48. Ra7+ Ke8 49. Kxg6 Rc4 50. Kg5 Rb4 51. f5 exf5 52. gxf5 Rb6 53.
e6 Rb1 54. Kf6 Rb8 55. Rh7 1-0

[Event "Mistrzostwa Polski Juniorow do lat 16 - Chlopcy"]
[Site "Szklarska Poreba"]
[Date "1899-12-30"]
[Round "7.2"]
[White "Ochedzan, Tymon"]
[Black "Luczak, Filip"]
[Result "1-0"]
[WhiteTitle "CM"]
[BlackTitle "CM"]
[WhiteElo "2099"]
[BlackElo "2179"]

1. e4 c5 2. Nf3 Nc6 3. d4 cxd4 4. Nxd4 e5 5. Nb5 d6 6. a4 Be7 7. N1c3 a6 8. Na3
Nf6 9. Bg5 O-O 10. Bxf6 Bxf6 11. Nc4 Be6 12. Qxd6 Nd4 13. Qxd8 Rfxd8 14. Ne3 Bg5
15. Bd3 Rac8 16. O-O b5 17. h4 Bxh4 18. axb5 axb5 19. Nxb5 Rb8 20. Nxd4 exd4 21.
Nd1 g6 22. g3 Be7 23. f4 Rdc8 24. b3 Bh3 25. Rf2 Ra8 26. Rxa8 Rxa8 27. Kh2 Bg4
28. Nb2 Ra2 29. Nc4 Be6 30. Kg2 Bxc4 31. Bxc4 Kg7 32. Kf3 Bb4 33. e5 h5 34. Bd3
Ra1 35. Rf1 Rxf1+ 36. Bxf1 Kf8 37. Bh3 Ke7 38. Ke4 Bc3 39. Kd5 Kd8 40. Kc6 Be1
41. g4 hxg4 42. Bxg4 Bg3 43. Kd5 Bxf4 44. Kxd4 Bg5 45. b4 Kc7 46. c4 f5 47. Be2
Bh4 48. c5 g5 49. Bd3 f4 50. Be2 Be1 51. b5 Ba5 52. Kd5 Kd7 53. b6 Ke8 54. Kd6
Kd8 55. e6 1-0

[Event "Mistrzostwa Polski Juniorow do lat 16 - Chlopcy"]
[Site "Szklarska Poreba"]
[Date "1899-12-30"]
[Round "7.3"]
[White "Czopor, Maciej"]
[Black "Czernek, Tymon"]
[Result "0-1"]
[WhiteTitle "k"]
[BlackTitle "I++"]
[WhiteElo "2196"]
[BlackElo "2120"]

1. e4 c5 2. Nf3 Nc6 3. d4 cxd4 4. Nxd4 Nf6 5. Nc3 e5 6. Ndb5 d6 7. Bg5 a6 8. Na3
b5 9. Bxf6 gxf6 10. Nd5 Bg7 11. Bd3 Ne7 12. Nxe7 Qxe7 13. O-O O-O 14. c4 f5 15.
Qh5 Rb8 16. exf5 e4 17. Rae1 Bb7 18. Qg4 Rfe8 19. cxb5 d5 20. bxa6 Ba8 21. b3
Kh8 22. Nb1 Be5 23. Be2 Rg8 24. Qh3 Rb6 25. Rc1 d4 26. f6 Qxf6 27. Rc8 Rb8 28.
Rxb8 Bxb8 29. Rd1 d3 30. Bf1 Ba7 31. Rd2 Qf4 32. Qd7 e3 33. Qxa7 exd2 34. Nxd2
Bxg2 35. Bxg2 Qg5 36. Qd4+ f6 37. Qe4 Qxd2 38. h4 Qc1+ 39. Kh2 d2 40. Qe7 Qa1
41. Bf3 Qg1+ 42. Kh3 Qf1+ 0-1

[Event "Mistrzostwa Polski Juniorow do lat 16 - Chlopcy"]
[Site "Szklarska Poreba"]
[Date "1899-12-30"]
[Round "7.4"]
[White "Niedbala, Bartlomiej"]
[Black "Fiedorek, Michal"]
[Result "1-0"]
[WhiteTitle "FM"]
[BlackTitle "FM"]
[WhiteElo "2381"]
[BlackElo "2223"]

1. d4 Nf6 2. c4 g6 3. Nc3 Bg7 4. e4 d6 5. Be2 O-O 6. Be3 e5 7. d5 Nbd7 8. g4 Nc5
9. f3 a5 10. h4 c6 11. h5 cxd5 12. cxd5 Bd7 13. Qd2 a4 14. Nh3 Rc8 15. Nf2 Qa5
16. Rb1 Qd8 17. Kf1 Ne8 18. hxg6 fxg6 19. Kg2 Qe7 20. Rh2 Nf6 21. Bg5 Bh8 22.
Rbh1 Rf7 23. Nh3 Qd8 24. Be3 Qa5 25. Ng5 Re7 26. Nb5 Qb6 27. Na3 Qd8 28. Rh6 b6
29. Qe1 Be8 30. Qh4 Rcc7 31. Bxc5 bxc5 32. Ne6 Qb8 33. Nxc7 Rxc7 34. Nc4 Ra7 35.
Qh3 Re7 36. Qh4 Rb7 37. Qe1 Rb4 38. Qc1 Bg7 39. R6h2 Bb5 40. Kg1 Bxc4 41. Bxc4
a3 42. b3 Qa7 43. Qf1 Rb7 44. Kg2 Qa5 45. Qe1 Qd8 46. Qc1 Qa5 47. Kg3 Rf7 48.
Qe1 Qb6 49. Bf1 h6 50. Qc1 Qb4 51. Qd2 Qb6 52. Rxh6 Bxh6 53. Qxh6 Rg7 54. Qh8+
Kf7 55. Qc8 Nh7 56. Bc4 Qb4 57. Qe6+ Kf8 58. Qxd6+ Kg8 59. Qd8+ 1-0

[Event "Mistrzostwa Polski Juniorow do lat 16 - Chlopcy"]
[Site "Szklarska Poreba"]
[Date "1899-12-30"]
[Round "7.5"]
[White "Baum, Jonasz"]
[Black "Panek, Bartosz"]
[Result "1/2-1/2"]
[WhiteTitle "FM"]
[BlackTitle "I+"]
[WhiteElo "2391"]
[BlackElo "1979"]

1. e4 d6 2. d4 Nf6 3. f3 e5 4. d5 c6 5. c4 c5 6. Nc3 g6 7. Bg5 Bg7 8. Qd2 Na6 9.
Nge2 Nc7 10. g4 h6 11. Be3 h5 12. Bg5 hxg4 13. f4 exf4 14. Nxf4 Kf8 15. O-O-O
Qe8 16. Ng2 Nd7 17. Be2 Ne5 18. Ne3 a6 19. Rdg1 b5 20. Bxg4 bxc4 21. Be2 Nb5 22.
Nxc4 Nxc4 23. Bxc4 Nxc3 24. bxc3 Qxe4 25. Bd3 Qxd5 26. Qc2 Bb7 27. h4 Qe5 28.
Rh3 Qxc3 29. Qxc3 Bxc3 30. Bxg6 fxg6 31. Rxc3 Be4 32. Rf1+ Bf5 33. Rd1 Rh7 34.
Rxd6 Rb7 35. Rxc5 Rb1+ 36. Kd2 Rb2+ 37. Kd1 Rxa2 38. Rc7 Re8 39. Rd8 Ra1+ 40.
Rc1 Bg4+ 41. Kc2 Rxc1+ 1/2-1/2

[Event "Mistrzostwa Polski Juniorow do lat 16 - Chlopcy"]
[Site "Szklarska Poreba"]
[Date "1899-12-30"]
[Round "7.6"]
[White "Cwiek, Ryszard"]
[Black "Suder, Jakub"]
[Result "0-1"]
[WhiteTitle "I+"]
[BlackTitle "I++"]
[WhiteElo "1843"]
[BlackElo "2085"]

1. e4 c5 2. Nf3 d6 3. c3 Nf6 4. d3 Nbd7 5. g3 b6 6. Bg2 Bb7 7. Bg5 g6 8. O-O Bg7
9. Re1 Qc7 10. Nbd2 O-O 11. Rc1 e5 12. d4 Rae8 13. d5 h6 14. Bxf6 Nxf6 15. Nh4
Bc8 16. Bf3 Qd7 17. a4 Kh7 18. Nc4 h5 19. Ne3 Bh6 20. Ra1 Bg5 21. Nhg2 Qh3 22.
Qe2 Kg7 23. Qf1 Ng4 24. Bxg4 hxg4 25. Nh4 Bxh4 26. Qxh3 gxh3 27. gxh4 Rh8 28.
Nc4 Rd8 29. b4 Rxh4 30. b5 Rg4+ 31. Kf1 f5 32. f3 Rg2 33. Re2 fxe4 34. Rxg2 hxg2+
35. Kxg2 exf3+ 36. Kxf3 Kf6 37. a5 Bb7 38. Ke4 Rh8 39. Ne3 Rh4+ 40. Kf3 Bc8 41.
axb6 axb6 42. Ra8 Rh3+ 43. Kf2 Bd7 44. Rb8 Rxh2+ 45. Kf3 Rh3+ 46. Kf2 e4 47. Rxb6
Ke5 48. Rb7 Rf3+ 49. Ke2 Rf7 50. Rb8 Rh7 51. Kf2 Rh2+ 52. Kg3 Rh3+ 53. Kf2 Rh2+
54. Kg3 Re2 55. Nc4+ Kxd5 56. Nb6+ Ke6 57. Nxd7 Kxd7 58. Rb7+ Ke6 59. Rg7 Kd5
60. Rxg6 Re3+ 61. Kf2 Rxc3 62. Rg8 Rb3 63. Rb8 c4 64. b6 Kd4 65. b7 d5 66. Ke2
Rb2+ 67. Kd1 c3 68. Kc1 e3 69. Kd1 Kd3 70. Rd8 Rb1# 0-1

[Event "Mistrzostwa Polski Juniorow do lat 16 - Chlopcy"]
[Site "Szklarska Poreba"]
[Date "1899-12-30"]
[Round "7.7"]
[White "Czechowski, Jakub"]
[Black "Zabron, Maksym"]
[Result "1-0"]
[WhiteTitle "I+"]
[BlackTitle "I++"]
[WhiteElo "1964"]
[BlackElo "2023"]

1. d4 Nf6 2. c4 e6 3. Nf3 b6 4. a3 Bb7 5. Nc3 d5 6. Bg5 Be7 7. e3 Nbd7 8. Rc1 O-O
9. cxd5 exd5 10. Bd3 h6 11. Bf4 c6 12. h3 Re8 13. O-O Nf8 14. Bh2 Bd6 15. Ne5
Rc8 16. f4 c5 17. Qf3 Ne6 18. Ne2 Ne4 19. Rcd1 Qc7 20. h4 f5 21. g4 Bxe5 22. fxe5
fxg4 23. Qxg4 Rcd8 24. Nf4 Qe7 25. Bb5 Nxf4 26. Bxe8 Ne2+ 27. Qxe2 Rxe8 28. Rf4
c4 29. Rdf1 Bc8 30. Rxe4 dxe4 31. Qxc4+ Qe6 32. Rc1 Qxc4 33. Rxc4 Be6 34. Rc6
Kf7 35. Rd6 Rc8 36. Bf4 Rc1+ 37. Kf2 Rc2+ 38. Ke1 Rxb2 39. d5 Bg4 40. e6+ Ke8
41. Rd7 Re2+ 42. Kf1 Rd2 43. Kg1 Bh3 44. Be5 Rc2 45. Rxg7 Rc5 46. Bd6 Rc1+ 47.
Kh2 Bxe6 48. dxe6 1-0

[Event "Mistrzostwa Polski Juniorow do lat 16 - Chlopcy"]
[Site "Szklarska Poreba"]
[Date "1899-12-30"]
[Round "7.8"]
[White "Turski, Bartlomiej"]
[Black "Grzesik, Gracjan"]
[Result "1/2-1/2"]
[WhiteTitle "I"]
[BlackTitle "I++"]
[WhiteElo "1986"]
[BlackElo "2039"]

1. e4 c5 2. Nf3 d6 3. d4 cxd4 4. Nxd4 Nf6 5. Nc3 Nc6 6. Bg5 Qb6 7. Be3 a6 8. Nb3
Qc7 9. Nd5 Nxd5 10. exd5 Ne5 11. Be2 e6 12. dxe6 Bxe6 13. O-O Be7 14. f4 Bxb3
15. axb3 Nc6 16. Bf3 Bf6 17. c3 O-O 18. Qd3 Rfe8 19. Rfe1 g6 20. Rad1 Rad8 21.
Bd5 Ne7 22. b4 Nxd5 23. Qxd5 Re6 24. Kf2 Rde8 25. b5 axb5 26. Qxb5 Bg7 27. Qd5
Qe7 28. Qf3 Re4 29. Re2 f5 30. Rd3 Qc7 31. Red2 d5 32. g3 Qc6 33. Bd4 Bxd4+ 34.
Rxd4 Qb6 35. b4 Rxd4 36. Rxd4 Re4 37. Qd3 Qa7 38. Qd2 Kf7 39. Kg2 Rxd4 40. cxd4
Qa3 41. h4 1/2-1/2

[Event "Mistrzostwa Polski Juniorow do lat 16 - Chlopcy"]
[Site "Szklarska Poreba"]
[Date "1899-12-30"]
[Round "7.9"]
[White "Kacprzak, Karol"]
[Black "Trybus, Daniel"]
[Result "1-0"]
[WhiteTitle "I++"]
[BlackTitle "I++"]
[WhiteElo "1954"]
[BlackElo "2010"]

1. e4 Nf6 2. e5 Nd5 3. d4 d6 4. c4 Nb6 5. exd6 exd6 6. Nc3 Be7 7. Bd3 Bf6 8. Nge2
O-O 9. O-O Nc6 10. Be3 Nb4 11. b3 Nxd3 12. Qxd3 c6 13. Rfe1 d5 14. c5 Nd7 15.
b4 b6 16. Bf4 Re8 17. b5 Nb8 18. a4 g6 19. Ng3 Be6 20. Rac1 a6 21. Bd6 bxc5 22.
dxc5 axb5 23. axb5 Ra3 24. Nge2 Qa5 25. Nd4 Qb4 26. Red1 Bd7 27. h3 Re4 28. Nxe4
Bg5 29. Nxg5 Rxd3 30. Rxd3 Qb2 31. Rdd1 f6 32. Ngf3 cxb5 33. Bxb8 b4 34. c6 Bc8
35. Bd6 b3 36. Rb1 1-0

[Event "Mistrzostwa Polski Juniorow do lat 16 - Chlopcy"]
[Site "Szklarska Poreba"]
[Date "1899-12-30"]
[Round "7.10"]
[White "Skurniak, Szymon"]
[Black "Oleksy, Krzysztof"]
[Result "1-0"]
[WhiteTitle "I+"]
[BlackTitle "I"]
[WhiteElo "2005"]
[BlackElo "1842"]

1. e4 c6 2. Nc3 d5 3. Nf3 dxe4 4. Nxe4 Nf6 5. Ng3 h5 6. h4 Bg4 7. Be2 Nbd7 8. d4
e6 9. Ng1 Bxe2 10. N1xe2 Bd6 11. Bf4 Qc7 12. Qd2 O-O-O 13. O-O-O e5 14. dxe5 Bxe5
15. Nf5 Nd5 16. Bxe5 Qxe5 17. Ned4 g6 18. Rhe1 Qf6 19. c4 N5b6 20. Qf4 gxf5 21.
Nxf5 Ne5 22. Rxe5 Rxd1+ 23. Kxd1 Qd8+ 24. Kc2 Qc7 25. Re4 Qxf4 26. Rxf4 Kd7 27.
b3 Ke6 28. Nd4+ Ke5 29. g3 f6 30. Kc3 Rd8 31. Rf5+ Ke4 32. Rf4+ Ke5 33. Rf5+ Ke4
34. Rxf6 Re8 35. Rf4+ Ke5 36. Rf5+ Ke4 37. Rf3 1-0

[Event "Mistrzostwa Polski Juniorow do lat 16 - Chlopcy"]
[Site "Szklarska Poreba"]
[Date "1899-12-30"]
[Round "7.11"]
[White "Dalkowski, Rafal"]
[Black "Bachor, Tomasz"]
[Result "0-1"]
[WhiteTitle "I"]
[BlackTitle "k"]
[WhiteElo "1893"]
[BlackElo "2105"]

1. d4 Nf6 2. c4 g6 3. Nc3 Bg7 4. e4 d6 5. f3 O-O 6. Be3 Nc6 7. Nge2 a6 8. g4 h5
9. gxh5 Nxh5 10. Qd2 e5 11. d5 Ne7 12. O-O-O f5 13. Kb1 f4 14. Bf2 b6 15. Nc1
Bd7 16. Ka1 Bf6 17. Nd3 Kf7 18. Be2 Rh8 19. Rc1 g5 20. b4 a5 21. c5 axb4 22. cxd6
bxc3 23. dxe7 cxd2 24. exd8=N+ Raxd8 25. Rcd1 Bb5 26. Rhf1 Bxd3 27. Bxd3 Be7 28.
Rxd2 Nf6 29. Bg1 Bd6 30. Rff2 Rdg8 31. Rg2 Rh3 32. Be2 g4 33. Bd1 gxf3 34. Rxg8
Kxg8 35. Bc2 Ng4 36. Ba4 f2 37. Bxf2 Rxh2 38. Be1 Rxd2 39. Bxd2 f3 40. Bb5 f2
41. Kb2 Nh2 0-1

[Event "Mistrzostwa Polski Juniorow do lat 16 - Chlopcy"]
[Site "Szklarska Poreba"]
[Date "1899-12-30"]
[Round "7.12"]
[White "Kania, Dominik"]
[Black "Koziorowicz, Michal"]
[Result "0-1"]
[WhiteTitle "I"]
[BlackTitle "k"]
[WhiteElo "1933"]
[BlackElo "2099"]

1. e4 c5 2. Nf3 d6 3. Bb5+ Bd7 4. Bxd7+ Qxd7 5. O-O Nc6 6. c4 e5 7. Nc3 g6 8. d3
Bg7 9. Nd5 Nge7 10. Bh6 O-O 11. Qd2 f5 12. a3 fxe4 13. Bxg7 Kxg7 14. dxe4 Rxf3
15. gxf3 Nd4 16. Kg2 Nxd5 17. cxd5 Rf8 18. Qg5 Nxf3 19. Qg3 Nd2 20. f3 Nxf1 21.
Rxf1 Rf4 22. h4 Qe7 23. Rh1 h6 24. Qh3 Rf8 25. Qg4 Qf6 26. Rg1 Qf4 27. Qh3 Qd2+
28. Kh1 Qf4 29. Kg2 Rf7 30. Rf1 b5 31. Qe6 Qf6 32. Qg4 a5 33. b3 Rc7 34. f4 Rf7
35. f5 Kh8 36. Rf3 gxf5 37. Rxf5 Qg7 38. Qxg7+ Kxg7 39. Rxf7+ Kxf7 40. Kf3 Kg6
41. Ke3 Kh5 42. a4 bxa4 43. bxa4 Kxh4 44. Kd3 Kg4 0-1

[Event "Mistrzostwa Polski Juniorow do lat 16 - Chlopcy"]
[Site "Szklarska Poreba"]
[Date "1899-12-30"]
[Round "7.13"]
[White "Kozlowski, Michal"]
[Black "Budzisz, Adrian"]
[Result "1-0"]
[WhiteTitle "I++"]
[BlackTitle "I"]
[WhiteElo "2009"]
[BlackElo "1812"]

1. e4 e6 2. d4 d5 3. Nd2 c5 4. Ngf3 Nf6 5. exd5 exd5 6. dxc5 Bxc5 7. Nb3 Bb6 8.
Nfd4 O-O 9. Be2 Ne4 10. O-O Nc6 11. c3 a6 12. Be3 Bc7 13. Nxc6 bxc6 14. Bf3 Ng5
15. Re1 Bf5 16. Bg4 Bxg4 17. Qxg4 Ne6 18. Nd4 Re8 19. g3 Nxd4 20. Bxd4 Rxe1+ 21.
Rxe1 Qf8 22. Qd7 Qd6 23. Re8+ Rxe8 24. Qxe8+ Qf8 25. Qxc6 Qd6 26. Qxd6 Bxd6 27.
b4 f6 28. a4 Kf7 29. b5 axb5 30. a5 Bb8 31. a6 Ke6 32. a7 Bxa7 33. Bxa7 Ke5 34.
f3 g5 35. Kf2 1-0

[Event "Mistrzostwa Polski Juniorow do lat 16 - Chlopcy"]
[Site "Szklarska Poreba"]
[Date "1899-12-30"]
[Round "7.14"]
[White "Syrkiewicz, Michal"]
[Black "Kossowski, Pawel"]
[Result "1/2-1/2"]
[WhiteTitle "I"]
[BlackTitle "I"]
[WhiteElo "2004"]
[BlackElo "1717"]

1. e4 e5 2. Nf3 Nc6 3. Nc3 Nf6 4. a3 d6 5. d4 exd4 6. Nxd4 Be7 7. Nde2 O-O 8. g3
Re8 9. Bg2 h6 10. O-O Bf8 11. h3 Bd7 12. Kh2 Ne5 13. f4 Ng6 14. Qd3 Qe7 15. Nd4
c6 16. Bd2 Qd8 17. Rae1 Qc7 18. g4 Rad8 19. Qg3 d5 20. e5 Nh7 21. Nf3 f6 22. h4
fxe5 23. fxe5 d4 24. Nd1 c5 25. h5 Ne7 26. Nh4 Nc6 27. Bd5+ Be6 28. Be4 Nxe5 29.
Bxh7+ Kxh7 30. Rxe5 Bd6 31. Bf4 Bxe5 32. Bxe5 Qd7 33. Nf2 Bc4 34. Nd3 Qd5 35.
Ng6 Kg8 36. g5 Qe4 37. Qf3 Qxf3 38. Rxf3 Bxd3 39. cxd3 hxg5 40. Kg3 Re6 41. Kg4
Rde8 42. Rf5 Rb6 43. Rxg5 Rxb2 44. Nf4 Re7 45. h6 Rb1 46. Kf5 Rf7+ 47. Ke6 Rb6+
48. Kd5 Rxh6 49. Kxc5 Ra6 50. Kb4 Rb6+ 51. Kc4 Ra6 52. Kb3 Rb6+ 53. Kc4 Ra6 54.
Kb4 1/2-1/2

[Event "Mistrzostwa Polski Juniorow do lat 16 - Chlopcy"]
[Site "Szklarska Poreba"]
[Date "1899-12-30"]
[Round "7.15"]
[White "Kaliszuk, Kamil"]
[Black "Kotula, Pawel"]
[Result "0-1"]
[WhiteTitle "I+"]
[BlackTitle "I"]
[WhiteElo "1961"]
[BlackElo "1707"]

1. d4 d5 2. c4 e6 3. Nc3 Bb4 4. Qc2 Nf6 5. Nf3 O-O 6. Bg5 h6 7. Bh4 g5 8. Bg3 Ne4
9. a3 Bxc3+ 10. bxc3 Nc6 11. Ne5 Nxe5 12. Bxe5 f6 13. Bg3 f5 14. Be5 dxc4 15.
e3 b5 16. f3 Nd6 17. h4 Nf7 18. Bg3 Bb7 19. hxg5 hxg5 20. Be2 Kg7 21. Kf2 Qe7
22. a4 a6 23. Rab1 Bc6 24. axb5 axb5 25. d5 exd5 26. Qxf5 Rh8 27. Rxh8 Rxh8 28.
Re1 Re8 29. Bd1 Nh6 30. Qh3 Bd7 31. Qh2 Qf6 32. Kg1 Qxc3 33. Qh5 Nf7 34. f4 Rxe3
35. Rxe3 Qxe3+ 36. Kh2 gxf4 37. Bh4 Qe5 38. Qf3 Nh6 39. Bc2 Ng4+ 40. Kg1 Qe3+
41. Kh1 Qxf3 0-1

[Event "Mistrzostwa Polski Juniorow do lat 16 - Chlopcy"]
[Site "Szklarska Poreba"]
[Date "1899-12-30"]
[Round "7.16"]
[White "Wysocki, Mateusz"]
[Black "Redzisz, Michal"]
[Result "1/2-1/2"]
[WhiteTitle "I"]
[BlackTitle "k"]
[WhiteElo "1864"]
[BlackElo "2105"]

1. e4 c6 2. Nc3 d5 3. Nf3 Bg4 4. h3 Bxf3 5. Qxf3 e6 6. Qg3 dxe4 7. Nxe4 Nh6 8.
Qb3 Qc7 9. d4 Nf5 10. c3 Nd7 11. Be2 Nf6 12. Nxf6+ gxf6 13. Bg4 Nh4 14. g3 Ng6
15. Bh5 O-O-O 16. Be3 f5 17. f4 Kb8 18. O-O-O Bg7 19. Rhf1 Rd7 20. Qa4 Rhd8 21.
Bg1 b6 22. Qc4 Bh6 23. Kb1 Qd6 24. Rfe1 Kb7 25. a4 Qd5 26. Qe2 Qa5 27. Qc2 Bg7
28. Bf3 b5 29. axb5 Qxb5 30. Re3 Qa6 31. c4 Ka8 32. Ra3 Qc8 33. Qa4 Ne7 34. Rad3
Qc7 35. R1d2 Rb8 36. Kc1 Rbd8 37. b4 e5 38. fxe5 Bh6 39. b5 Bxd2+ 40. Rxd2 Rb8
41. Kd1 f6 42. e6 Qxg3 43. Bg2 Rdb7 44. Ra2 Qd3+ 45. Ke1 Qc3+ 46. Kf1 Qd3+ 47.
Ke1 Qc3+ 48. Kf1 Qd3+ 49. Ke1 Qc3+ 1/2-1/2

[Event "Mistrzostwa Polski Juniorow do lat 16 - Chlopcy"]
[Site "Szklarska Poreba"]
[Date "1899-12-30"]
[Round "7.17"]
[White "Poltorak, Sebastian"]
[Black "Stachecki, Mikolaj"]
[Result "1-0"]
[WhiteTitle "k"]
[BlackTitle "I+"]
[WhiteElo "2036"]
[BlackElo "1802"]

1. d4 Nf6 2. c4 g6 3. Nc3 Bg7 4. e4 d6 5. f3 O-O 6. Nge2 a6 7. Be3 Nbd7 8. Qd2
c5 9. dxc5 Nxc5 10. Rd1 Qc7 11. Nf4 Be6 12. Be2 Rac8 13. O-O Ncd7 14. Nxe6 fxe6
15. Rc1 Ne5 16. Na4 Nfd7 17. f4 Nc6 18. c5 Qb8 19. Bg4 Nd8 20. Nb6 Nxb6 21. cxb6
Rc6 22. Rxc6 bxc6 23. Qa5 Qb7 24. e5 dxe5 25. fxe5 Rxf1+ 26. Kxf1 Qd7 27. Be2
Nb7 28. Qd2 Qxd2 29. Bxd2 Bxe5 30. Bxa6 Nd8 31. a4 Bxb2 32. Bf4 e5 33. Bg3 c5
34. b7 Nc6 35. Bb5 Nb8 36. a5 Bd4 37. a6 c4 38. Bxc4+ Kf8 39. Bf2 Nc6 40. Bxd4
exd4 41. a7 1-0

[Event "Mistrzostwa Polski Juniorow do lat 16 - Chlopcy"]
[Site "Szklarska Poreba"]
[Date "1899-12-30"]
[Round "7.18"]
[White "Kacprzak, Kacper"]
[Black "Dziendziel, Mateusz"]
[Result "1-0"]
[WhiteTitle "I+"]
[BlackTitle "I"]
[WhiteElo "2019"]
[BlackElo "1700"]

1. e4 c5 2. Nf3 e6 3. d4 cxd4 4. Nxd4 Nc6 5. Nc3 Qc7 6. Be3 a6 7. a4 Bb4 8. Be2
Nf6 9. f3 d5 10. O-O Bc5 11. Bf2 dxe4 12. Nxe4 Nxe4 13. fxe4 Ne5 14. c3 O-O 15.
Kh1 b6 16. Qd2 Bb7 17. Bg3 Bd6 18. Qe3 Ng6 19. Bxd6 Qxd6 20. a5 bxa5 21. Rxa5
Qb6 22. b4 e5 23. Nf5 Qxe3 24. Nxe3 Bxe4 25. Rxa6 Rxa6 26. Bxa6 f5 27. Bc4+ Kh8
28. Bd5 Bd3 29. Rd1 f4 30. Nc4 Bc2 31. Rd2 Bb3 32. Nxe5 Bxd5 33. Nxg6+ hxg6 34.
Rxd5 Rc8 35. Rc5 Rd8 36. Kg1 1-0

[Event "Mistrzostwa Polski Juniorow do lat 16 - Chlopcy"]
[Site "Szklarska Poreba"]
[Date "1899-12-30"]
[Round "7.19"]
[White "Topola, Rafal"]
[Black "Gorkiewicz, Mateusz"]
[Result "1/2-1/2"]
[WhiteTitle "I"]
[BlackTitle "I+"]
[WhiteElo "1754"]
[BlackElo "1959"]

1. d4 d5 2. Nf3 Nf6 3. Bf4 e6 4. e3 c5 5. c3 Nc6 6. Nbd2 Bd6 7. Bg3 O-O 8. Bd3
b6 9. Ne5 Bb7 10. f4 Qe7 11. O-O Nd7 12. Qh5 f5 13. Nxd7 Qxd7 14. Bh4 c4 15. Bc2
b5 16. Nf3 b4 17. Ne5 Bxe5 18. fxe5 bxc3 19. bxc3 Rab8 20. Ba4 Qc7 21. Bxc6 Bxc6
22. Qe2 Rb5 23. Rab1 Rfb8 24. Qc2 Qb7 25. Rxb5 Qxb5 26. Be7 Be8 27. Bc5 Rb7 28.
h3 Bg6 29. Qd2 h6 30. Qc2 Qe8 31. Qd2 Qb8 32. Bb4 a5 33. Ba3 Kh7 34. Kh2 Rb5 35.
Re1 Qd8 36. Qf2 Rb7 37. Rf1 Qe8 38. Qd2 Qa4 39. Bc5 Qb5 40. Ba3 Qd7 41. Bc5 Qa4
42. Bd6 Qe8 43. Bc5 Qd8 44. Ba3 Qh4 45. Rf4 Qg5 46. Rf1 Qd8 47. Bc5 Qe8 48. Bd6
Rb5 49. Ba3 Qb8 50. Re1 Bh5 51. Rf1 Qb7 52. Qc2 Bg6 53. Qd2 Qb8 54. Re1 Kg8 55.
Rf1 Qb7 56. Qc2 Qb8 57. Qd2 Rb1 58. Rxb1 Qxb1 59. Bc1 Bh5 60. a3 Kf7 61. Kg3 Ke7
62. Qb2 Qxb2 63. Bxb2 Kd7 64. Kf2 Kc6 65. a4 Bd1 66. Ke1 Bxa4 67. Ba3 g6 68. Kd2
Bb5 69. Kc1 Kd7 70. Bf8 h5 71. h4 Ke8 72. Bh6 Kf7 73. g3 g5 74. Bxg5 f4 75. exf4
a4 76. f5 exf5 77. Kb2 Ke6 1/2-1/2

[Event "Mistrzostwa Polski Juniorow do lat 16 - Chlopcy"]
[Site "Szklarska Poreba"]
[Date "1899-12-30"]
[Round "7.20"]
[White "Babiarz, Arkadiusz"]
[Black "Jedrusik, Adam"]
[Result "1-0"]
[WhiteTitle "I++"]
[BlackTitle "I"]
[WhiteElo "1831"]
[BlackElo "1828"]

1. e4 c6 2. c4 d5 3. exd5 cxd5 4. cxd5 Nf6 5. Qa4+ Nbd7 6. Nc3 g6 7. Be2 Bg7 8.
Nh3 O-O 9. Nf4 Nb6 10. Qb3 g5 11. Nh5 Nxh5 12. Bxh5 e6 13. O-O exd5 14. d3 h6
15. a4 Be6 16. Qd1 Rc8 17. f4 Bxc3 18. bxc3 f6 19. Ba3 Rxc3 20. a5 Nd7 21. Qe1
Rc6 22. Rc1 Bf7 23. Bxf8 Qxf8 24. Rxc6 bxc6 25. Bg4 Qd6 26. fxg5 fxg5 27. Bxd7
Qxd7 28. Qf2 Bg6 29. Qf8+ Kh7 30. Re1 1-0

[Event "Mistrzostwa Polski Juniorow do lat 16 - Chlopcy"]
[Site "Szklarska Poreba"]
[Date "1899-12-30"]
[Round "7.21"]
[White "Majewski, Krzysztof"]
[Black "Gradalski, Olaf"]
[Result "1/2-1/2"]
[WhiteTitle "I"]
[BlackTitle "II+"]
[WhiteElo "1805"]
[BlackElo "1719"]

1. c4 e5 2. Nc3 Nf6 3. g3 d5 4. cxd5 Nxd5 5. Bg2 Nb6 6. d3 Be7 7. Nf3 Nc6 8. O-O
O-O 9. Ne1 Bg4 10. h3 Be6 11. f4 exf4 12. Bxf4 Nd5 13. Nxd5 Bxd5 14. Kh2 Bxg2
15. Nxg2 Bf6 16. Qd2 Re8 17. Ne1 Qe7 18. e4 Nd4 19. Rc1 c6 20. Nc2 Rad8 21. Nxd4
Bxd4 22. Rfe1 f6 23. Qc2 Kh8 24. Rcd1 Rd7 25. Be3 Red8 26. Rd2 c5 27. Rde2 Bxe3
28. Rxe3 Qe5 29. R1e2 b5 30. Kg2 h6 31. Qb3 a6 32. Rf3 Rd4 33. Qc3 Qh5 34. Ref2
Qe5 35. Rf5 Qe6 36. Qxc5 Rxd3 37. e5 R3d5 38. Qc1 fxe5 39. Rf6 Qe7 40. Rf7 Qb4
41. Qe3 e4 42. a3 Qc4 43. Qf4 Qd4 44. Re7 R5d7 45. Qxe4 Rxe7 46. Qxe7 Qd5+ 47.
Kh2 Rd7 1/2-1/2

[Event "Mistrzostwa Polski Juniorow do lat 16 - Chlopcy"]
[Site "Szklarska Poreba"]
[Date "1899-12-30"]
[Round "7.22"]
[White "Wasik, Mateusz"]
[Black "Celebias, Filip"]
[Result "1-0"]
[WhiteTitle "I"]
[BlackTitle "II"]
[WhiteElo "1724"]
[BlackElo "1558"]

1. e4 c5 2. Nf3 e6 3. d4 cxd4 4. Nxd4 a6 5. Be2 Nf6 6. Nc3 Qc7 7. O-O Bc5 8. Be3
d6 9. Qd3 Nbd7 10. f4 b5 11. Bf3 Rb8 12. Kh1 O-O 13. a3 b4 14. axb4 Bxb4 15. Nb3
Bc5 16. Bc1 Rd8 17. Rd1 Bb4 18. Na4 Nb6 19. Nxb6 Qxb6 20. e5 Nd7 21. Nd4 Nxe5
22. fxe5 dxe5 23. c3 Bf8 24. Bg5 f6 25. Be4 h6 26. Bxf6 gxf6 27. Qg3+ Bg7 28.
Nc6 Bb7 29. Nxd8 Bxe4 30. Rd7 Bxg2+ 31. Qxg2 1-0

[Event "Mistrzostwa Polski Juniorow do lat 16 - Chlopcy"]
[Site "Szklarska Poreba"]
[Date "1899-12-30"]
[Round "7.23"]
[White "Strepikowski, Pawel"]
[Black "Gardian, Adam"]
[Result "0-1"]
[WhiteTitle "I"]
[BlackTitle "I"]
[WhiteElo "1676"]
[BlackElo "1709"]

1. e4 d6 2. d4 Nf6 3. Nc3 Nbd7 4. f4 e5 5. Nf3 exd4 6. Nxd4 g6 7. Bc4 Bg7 8. O-O
O-O 9. f5 a6 10. a4 Qe8 11. fxg6 hxg6 12. Nd5 Nxd5 13. exd5 Qe4 14. Rf4 Qe7 15.
Rf1 Ne5 16. Be2 Bd7 17. Nf3 Rae8 18. Re1 Nxf3+ 19. gxf3 Qh4 20. Rf1 Bd4+ 21. Kh1
Bh3 22. Rg1 Qf2 23. Bd3 Bg2+ 0-1